000 00631nam a2200229Ia 4500
003 OSt
005 20221005033636.0
006 a|||||r|||| 00| 0
007 ta
008 221004b |||||||| |||| 00| 0 eng d
024 _a33074
037 _cTextual
040 _aCRL
_cCRL
_beng
041 _2eng
_aeng
082 _aO,3M85:g, M5
100 _aSinha Radha Krishna
_924971
245 0 _aLiterary influences on D.H. Lawrence
260 _aDelhi
_bChanakya Publications India
_c1979
300 _avii,274p.
_ccm.
942 _hO,3M85:g, M5
_cTEXL
_2cc
999 _c941869
_d941869